| 000 | 04811ncm0a2200469 4500 | ||
|---|---|---|---|
| 001 | RU\NLR\ONIZ\213496 | ||
| 005 | 20250624205303.0 | ||
| 010 |
_a5-17-035281-6 _bАСТ |
||
| 010 |
_a5-271-13389-3 _bАстрель |
||
| 021 |
_aRU _b06-152 _906-7 |
||
| 035 | _aRU\NLR\ONIZ\GALA\5000027088\20160121161531 | ||
| 035 | _a(NLR Aleph) 010986267 | ||
| 090 |
_a10903724 _c10903724 |
||
| 100 | _a20151016d2006 |||y0rusy50 ca | ||
| 101 | 0 | _arus | |
| 102 | _aRU | ||
| 125 | _aax | ||
| 200 | 1 |
_aИзбранные произведения русских композиторов. XX век _bНоты _eдля фп. _eА. Александров, В. Иголинский, В. Рябов, М. Коллонтай, В. Агафонников, С. Мовчан _fред.-сост. Заза Совик |
|
| 210 |
_aМосква _cАСТ _cАстрель _d2006 |
||
| 215 |
_a85 с., [2] с. _d32 см |
||
| 300 | _aБиогр. справки: с. [1-2] | ||
| 327 | 1 |
_a1. Душа моя - элизиум теней : op. 110 / А. Александров. _a2. К Кларе Вик : (ненапис. Р. Шуманом произведение) / В. Иголинский. _a3. Три романтические пьесы : op. 42 / В. Рябов ; _a4. Отзвук Мефисто-вальса : op. 42-bis / В. Рябов. _a5. Четыре летние деревенские картинки : op. 4 / М. Коллонтай. _a6. Шесть пьес / В. Агафонников. _a7. Quasi reg / С. Мовчан |
|
| 464 | 0 |
_12001#$aДуша моя - элизиум теней$eop. 110$fА. Александров _1215##$aС.5-21 _16061#$aЦиклы пьес для фортепиано$xНоты$yСССР$z20 в.$2nlr_sh _1686##$aЩ954.2-054(2)$vLBC/SL$2rubbk _1701#1$9z01790$aАлександров$bА. Н.$gАнатолий Николаевич$f1888-1982$4070$7ca _1790#1$9z01701$aAleksandrov$bA. N.$gAnatolij Nikolaevich$f1888-1982$4070$7ba _tДуша моя - элизиум теней |
|
| 464 | 0 |
_12001#$aК Кларе Вик$e(ненапис. Р. Шуманом произведение)$fВ. Иголинский _1215##$aС.22-25 _16061#$aПьесы для фортепиано$xНоты$yРоссия$z20-21 вв.$2nlr_sh _1686##$aЩ954.2-058.9(2Р=Рус)$vLBC/SL$2rubbk _1701#1$9z01790$aИголинский$bВ. Г.$gВладислав Григорьевич$f1953$4230 _1790#1$9z01701$aIgolinskij$bV. G.$gVladislav Grigor`evich$f1953$4230 _tК Кларе Вик |
|
| 464 | 0 |
_12001#$aТри романтические пьесы$eop. 42$fВ. Рябов _1215##$aС.26-37 _16061#$aЦиклы пьес для фортепиано$xНоты$yРоссия$z20-21 век$2nlr_sh _1686##$aЩ954.2-054(2Р=Рус)$vLBC/SL$2rubbk _1701#1$9z01790$aРябов$bВ. В.$gВладимир Владимирович$f1950-$4230 _1790#1$9z01701$aRyabov$bV. V.$gVladimir Vladimirovich$4230 _tТри романтические пьесы |
|
| 464 | 0 |
_12001#$aОтзвук Мефисто-вальса$eop. 42-bis$fВ. Рябов _1215##$aС.38-55 _1686##$aЩ954.2-058.9(2Р=Рус)$vLBC/SL$2rubbk _1701#1$9z01790$aРябов$bВ. В.$gВладимир Владимирович$f1950-$4070 _1790#1$9z01701$aRyabov$bV. V.$gVladimir Vladimirovich$4070 _tОтзвук Мефисто-вальса |
|
| 464 | 0 |
_12001#$aЧетыре летние деревенские картинки$eop. 4$fМ. Коллонтай _1215##$aС.56-69 _1686##$aЩ954.2-054(2Р=Рус)$vLBC/SL$2rubbk _1701#1$9z01790$aКоллонтай$bМ. Г.$gМихаил Георгиевич$f1952-$4230$7ca _1790#1$9z01701$aKollontaj$bM. G.$gMichail Georgievič$f1952-$4230$7ba _tЧетыре летние деревенские картинки |
|
| 464 | 0 |
_12001#$aШесть пьес$fВ. Агафонников _1215##$aС.70-77 _1686##$aЩ954.2-054(2Р)$vLBC/SL$2rubbk _1701#1$9z01790$aАгафонников$bВ. Г.$gВладислав Германович$f1936-$4230 _1790#1$9z01701$aAgafonnikov$bV. G.$gVladislav Germanovich$f1936-$4230 _tШесть пьес |
|
| 464 | 0 |
_12001#$aQuasi reg$fС. Мовчан _1215##$aС.78-85 _1686##$aЩ954.2-058.9(2Р)$vLBC/SL$2rubbk _1701#1$9z01790$aМовчан$bС. М.$gСергей Михайлович$f1960-$4230 _1790#1$9z01701$aMovchan$bS. M.$gSergej Mixajlovich$4230 _tQuasi reg |
|
| 606 | 1 |
_aРусская фортепианная музыка _z20-21 в. _jНоты _2nlr_sh |
|
| 686 |
_aЩ954.2я43(2) _vLBC/SL _2rubbk |
||
| 700 | 1 |
_9z01790 _aСовик _bЗ. _cсост. _gЗаза _4220 |
|
| 790 | 1 |
_9z01700 _aSovik _bZ. _gZaza _4220 |
|
| 801 | 0 |
_aRU _bNLR _c20151016 _gPSBO |
|
| 801 | 1 |
_aRU _bNLR _c20151016 _2rusmarc |
|
| 801 | 2 |
_aRU _bNLR _c20190630 |
|
| 852 |
_aNLR _bМ _j4/1435 _pМОЭ 2006-7/152 _t1 |
||
| 852 |
_aNLR _bМ _j4/1435а _pМОЭ 2006-7/152а _t2 |
||
| 942 | _cSCORE | ||
| 980 | _aNB | ||
| 980 | _aONIZ | ||